| 000 | 00929nam a2200181 4500 | ||
|---|---|---|---|
| 001 | 138476 | ||
| 003 | ES-MaACL | ||
| 005 | 20230906195555.0 | ||
| 007 | t| | ||
| 008 | 070214s1960 sp r ||||1| spa d | ||
| 100 | 1 |
_aSanllehy, Juan. _9103178 |
|
| 245 | 1 | 3 |
_aEl dinamismo vital en sus relaciones con el dinamismo medicamentoso y el dinamismo universal _b: discurso leído en la sesión celebrada el día 10 de abril del año 1899 en la Academia Médico-Homeopática de Barcelona / _cpor Juan Sanllehy. |
| 260 |
_aBarcelona : _bLa Hormiga de Oro, _c1960. |
||
| 300 |
_a30 p. ; _c24 cm. |
||
| 500 | _aEn la cub.: Reeditado con ocasión de cumplirse el 70 aniversario de su fundación en homenaje a su primer presidente y fundador ----- La ed. original es de: Barcelona: [s. n.], 1899 (: Tip. del Sucesor de F. Sánchez) | ||
| 710 | 2 |
_aAcademia Médico-Homeopática de Barcelona. _91207 |
|
| 852 |
_aES-MaACL _j2019-F-29 _bR.46357 |
||
| 999 |
_c138476 _d138476 |
||